| 000 | 00680cam a2200181 4500 | ||
|---|---|---|---|
| 001 | ABS61254 | ||
| 008 | 000000n 000 0 eng u | ||
| 035 | _a(Sirsi) u101871 | ||
| 245 | _aCB Richard Ellis property index. | ||
| 490 |
_aSouth African Valuer _v(58) June 1999, 11-12(2) |
||
| 520 | _aReviews the 1998 figures from the CB Richard Ellis property index (CBREPI) for South Africa. Compares the performance of the property market with other financial indices. Tables. | ||
| 650 | _aPROPERTY-COMMERCIAL PROPERTY-COMMERCIAL PROPERTY MARKET | ||
| 650 | _aSOUTH AFRICA | ||
| 650 | _aPROPERTY INDICES | ||
| 650 | _aCBRE | ||
| 690 | _aOVERSEAS-REST OF THE WORLD | ||
| 942 | _n0 | ||
| 999 |
_c60976 _d60976 |
||